<?xml version="1.0" encoding="UTF-8"?>
<record
    xmlns:xsi="http://www.w3.org/2001/XMLSchema-instance"
    xsi:schemaLocation="http://www.loc.gov/MARC21/slim http://www.loc.gov/standards/marcxml/schema/MARC21slim.xsd"
    xmlns="http://www.loc.gov/MARC21/slim">

  <leader>01806nam a2200265Ia 4500</leader>
  <controlfield tag="003">OSt</controlfield>
  <controlfield tag="005">20251117100314.0</controlfield>
  <controlfield tag="008">210210b2008   xxu||||| |||| 00| 0 eng d</controlfield>
  <datafield tag="040" ind1=" " ind2=" ">
    <subfield code="c">AL</subfield>
  </datafield>
  <datafield tag="041" ind1=" " ind2=" ">
    <subfield code="a">kan</subfield>
  </datafield>
  <datafield tag="082" ind1=" " ind2=" ">
    <subfield code="a">K894.301 SUNG</subfield>
  </datafield>
  <datafield tag="100" ind1=" " ind2=" ">
    <subfield code="a">SUNANDA PRAKASHA KADAME</subfield>
    <subfield code="9">167123</subfield>
    <subfield code="d">&#xCB8;&#xCC1;&#xCA8;&#xC82;&#xCA6;&#xCBE; &#xCAA;&#xCCD;&#xCB0;&#xC95;&#xCBE;&#xCB6; &#xC95;&#xCA1;&#xCAE;&#xCC6;</subfield>
  </datafield>
  <datafield tag="245" ind1=" " ind2=" ">
    <subfield code="a">Gandhi chitrada notu Katha sankalana:</subfield>
    <subfield code="b">&#xC97;&#xCBE;&#xC82;&#xCA7;&#xCBF; &#xC9A;&#xCBF;&#xCA4;&#xCCD;&#xCB0;&#xCA6; &#xCA8;&#xCCB;&#xC9F;&#xCC1; &#xC95;&#xCA5;&#xCBE; &#xCB8;&#xC82;&#xC95;&#xCB2;&#xCA8; </subfield>
  </datafield>
  <datafield tag="260" ind1=" " ind2=" ">
    <subfield code="a">Sagara</subfield>
    <subfield code="b">Akshara Prakashana</subfield>
    <subfield code="c">2008</subfield>
  </datafield>
  <datafield tag="300" ind1=" " ind2=" ">
    <subfield code="a">96</subfield>
  </datafield>
  <datafield tag="520" ind1=" " ind2=" ">
    <subfield code="a">&#xCB8;&#xCC1;&#xCA8;&#xC82;&#xCA6;&#xCBE; &#xC95;&#xCA1;&#xCAE;&#xCC6; &#xC85;&#xCB5;&#xCB0; &#xC8E;&#xCB0;&#xCA1;&#xCA8;&#xCC6; &#xC95;&#xCA4;&#xCBE; &#xCB8;&#xC82;&#xC95;&#xCB2;&#xCA8; &#x2018;&#xC97;&#xCBE;&#xC82;&#xCA7;&#xCBF; &#xC9A;&#xCBF;&#xCA4;&#xCCD;&#xCB0;&#xCA6; &#xCA8;&#xCCB;&#xC9F;&#xCC1;. &#xCB5;&#xCBE;&#xC9F;&#xCCD;&#xCB8;&#xCBE;&#xCAA;&#xCCD; &#xCAF;&#xCC1;&#xC97; &#xC86;&#xCB0;&#xC82;&#xCAD;&#xCB5;&#xCBE;&#xC97;&#xCC1;&#xCB5; &#xCAE;&#xCC1;&#xC82;&#xC9A;&#xCBF;&#xCA8; &#xC95;&#xCBE;&#xCB2;&#xCA6; &#xC87;&#xCB2;&#xCCD;&#xCB2;&#xCBF;&#xCAF; &#xC95;&#xCA5;&#xCC6;&#xC97;&#xCB3;&#xCB2;&#xCCD;&#xCB2;&#xCBF; &#xCB8;&#xC82;&#xCAC;&#xC82;&#xCA7;&#xC97;&#xCB3; &#xCA8;&#xCA1;&#xCC1;&#xCB5;&#xCBF;&#xCA8; &#xCA4;&#xCBE;&#xC95;&#xCB2;&#xCBE;&#xC9F;&#xC97;&#xCB3;&#xCC7; &#xCAA;&#xCCD;&#xCB0;&#xCA7;&#xCBE;&#xCA8;&#xCB5;&#xCBE;&#xC97;&#xCBF;&#xCB5;&#xCC6;.

&#xCB8;&#xCAE;&#xC95;&#xCBE;&#xCB2;&#xCC0;&#xCA8; &#xC95;&#xCC1;&#xC9F;&#xCC1;&#xC82;&#xCAC; &#xCB8;&#xCA6;&#xCB8;&#xCCD;&#xCAF;&#xCB0;&#xCB2;&#xCCD;&#xCB2;&#xCBF; &#xCAD;&#xCBE;&#xCB5;&#xCA8;&#xCC6;&#xC97;&#xCB3;&#xCC1; &#xCAC;&#xCC7;&#xCB0;&#xCBF;&#xCA6;&#xCCD;&#xCA6;&#xCC1;, &#xC92;&#xC82;&#xCA6;&#xCC6;&#xCA1;&#xCC6; &#xC9C;&#xCC0;&#xCB5;&#xCBF;&#xCB8;&#xCAC;&#xCC7;&#xC95;&#xCBF;&#xCB0;&#xCC1;&#xCB5;&#xCBE;&#xC97; &#xC8F;&#xCB3;&#xCC1;&#xCB5; &#xCAE;&#xCA8;&#xCB8;&#xCCD;&#xCA4;&#xCBE;&#xCAA;&#xCA6; &#xC85;&#xCB2;&#xCC6;&#xC97;&#xCB3;&#xCC1;, &#xC85;&#xCB5;&#xCC1;&#xC97;&#xCB3;&#xCA8;&#xCCD;&#xCA8;&#xCC1; &#xCA8;&#xCBF;&#xCAD;&#xCBE;&#xCAF;&#xCBF;&#xCB8;&#xCB2;&#xCC1; &#xCAC;&#xCC7;&#xC95;&#xCBF;&#xCB0;&#xCC1;&#xCB5; &#xCA4;&#xCCD;&#xCAF;&#xCBE;&#xC97; &#xCAE;&#xCA8;&#xCCB;&#xCA4;&#xCCA;&#xCB3;&#xCB2;&#xCBE;&#xC9F;&#xC97;&#xCB3;&#xCC1; &#xC87;&#xCB2;&#xCCD;&#xCB2;&#xCBF; &#xC9A;&#xCBF;&#xCA4;&#xCCD;&#xCB0;&#xCBF;&#xCA4;&#xCB5;&#xCBE;&#xC97;&#xCBF;&#xCB5;&#xCC6;. &#xC87;&#xCA6;&#xCC1; &#xC8E;&#xCB2;&#xCCD;&#xCB2;&#xCB0; &#xCAC;&#xCA6;&#xCC1;&#xC95;&#xCBF;&#xCA8;&#xCB2;&#xCCD;&#xCB2;&#xCC2; &#xCB9;&#xCBE;&#xCB8;&#xCC1;&#xCB9;&#xCCA;&#xC95;&#xCCD;&#xC95;&#xCBE;&#xC97;&#xCC1;&#xCB5; &#xCAE;&#xCA8;&#xCB8;&#xCCD;&#xCA4;&#xCBE;&#xCAA;&#xCA6; &#xC9A;&#xCCC;&#xC95;&#xC9F;&#xCCD;&#xC9F;&#xCBF;&#xCA8;&#xCBE;&#xC9A;&#xCC6; &#xCAF;&#xCCB;&#xC9A;&#xCBF;&#xCB8;&#xCC1;&#xCB5;&#xC82;&#xCA4;&#xCB9; &#xC95;&#xCA4;&#xCC6;&#xC97;&#xCB3;&#xCC1;</subfield>
  </datafield>
  <datafield tag="650" ind1=" " ind2=" ">
    <subfield code="a">sankalana</subfield>
    <subfield code="9">167124</subfield>
  </datafield>
  <datafield tag="650" ind1=" " ind2=" ">
    <subfield code="a">notu</subfield>
    <subfield code="9">167125</subfield>
  </datafield>
  <datafield tag="650" ind1=" " ind2=" ">
    <subfield code="a">Katha</subfield>
    <subfield code="9">167126</subfield>
  </datafield>
  <datafield tag="650" ind1=" " ind2=" ">
    <subfield code="a">Gandhi</subfield>
    <subfield code="9">167127</subfield>
  </datafield>
  <datafield tag="650" ind1=" " ind2=" ">
    <subfield code="a">chitrada</subfield>
    <subfield code="9">167128</subfield>
  </datafield>
  <datafield tag="690" ind1=" " ind2=" ">
    <subfield code="a">Kannada Fiction</subfield>
    <subfield code="9">167129</subfield>
  </datafield>
  <datafield tag="906" ind1=" " ind2=" ">
    <subfield code="a">063131</subfield>
  </datafield>
  <datafield tag="942" ind1=" " ind2=" ">
    <subfield code="2">ddc</subfield>
    <subfield code="c">BK</subfield>
  </datafield>
  <datafield tag="999" ind1=" " ind2=" ">
    <subfield code="c">134411</subfield>
    <subfield code="d">134411</subfield>
  </datafield>
  <datafield tag="952" ind1=" " ind2=" ">
    <subfield code="0">0</subfield>
    <subfield code="1">0</subfield>
    <subfield code="2">ddc</subfield>
    <subfield code="4">0</subfield>
    <subfield code="7">0</subfield>
    <subfield code="8">KAN</subfield>
    <subfield code="a">AL</subfield>
    <subfield code="b">AL</subfield>
    <subfield code="c">Kannada Literature</subfield>
    <subfield code="d">2021-02-17</subfield>
    <subfield code="e">Athree Book Centre,Mangalore</subfield>
    <subfield code="g">70.00</subfield>
    <subfield code="l">1</subfield>
    <subfield code="o">K894.301 SUNG</subfield>
    <subfield code="p">063131</subfield>
    <subfield code="r">2022-05-11 00:00:00</subfield>
    <subfield code="s">2022-05-04</subfield>
    <subfield code="w">2021-02-17</subfield>
    <subfield code="y">BK</subfield>
  </datafield>
</record>
